Prehľad anglických skratiek v elektrotechnike /

Saved in:
Bibliographic Details
Main Author: Jarošek, Jozef (Author)
Format: Book
Language:Slovak
Published: Bratislava : Alfa, 1990
Edition:2.vyd.
Tags: Add Tag
No Tags, Be the first to tag this record!

MARC

LEADER 00000nam a22000003a 4500
001 stu17132
005 20240130133354.4
008 ------s1990----cs------------------slo-d
020 |a 80-05-00610-1 
040 |a STU  |b slo 
041 0 |a slo 
044 |a cs 
080 |a 621.3:802.0 
080 |a 802.0:621.3 
100 1 |a Jarošek, Jozef  |4 aut 
245 1 |a Prehľad anglických skratiek v elektrotechnike /  |c [aut.]Jarošek,Jozef 
250 |a 2.vyd. 
260 |a Bratislava :  |b Alfa,  |c 1990 
300 |a 169 s 
996 |b C87693  |c C*87693  |l CCVIIIB  |s P  |a 0  |w stu17132_0001 
996 |b C87694  |c C*87694  |l CCXXIVB  |s P  |a 0  |w stu17132_0002 
996 |b 284V040217  |c V* 52432/O-23589  |l VVT  |s A  |a 24  |w stu17132_0003